| 000 | 00396nam a22001577a 4500 | ||
|---|---|---|---|
| 020 | _a9789332559592 | ||
| 040 | _cNUST | ||
| 082 | _a005.133-C++ DEI | ||
| 100 | _aDeitel, Paul | ||
| 110 |
_aDeitel, Harvey _991707 |
||
| 245 | _aC++ How to Program | ||
| 250 | _a9th Edition | ||
| 260 |
_aNew Dehli: _bPearson, _c2016. |
||
| 650 |
_aDCE TEXTBOOK.HOW TO PROGRAM C++ _9111610 |
||
| 942 |
_2ddc _cTEXT |
||
| 999 |
_c594389 _d594389 |
||